000 01052nam0a22002891 4500
001 RU\INFOCOMM_318\NLR\5000067454
005 20250613104407.0
035 _a(NLR Aleph) 009503008
090 _a8717704
_c8717704
100 _a20121120d1975 |||y0rusy50 ca
101 0 _aspa
102 _aRU
105 _ay z |||||
200 1 _aEl sistema mundial del socialismo: gran fuerza internacional
_fL. Yagodovski
210 _aM.
_cEd. de la Agencia de prensa "Nóvosti"
_d1975
215 _a64 с.
_d16 см
300 _aВ вып. дан.: Л. Ягодовский. Мировая социалистическая система - великая интернациональная сила
606 0 _aСоциалистические страны
_2nlr_sh1
620 _aМосква
686 _aТ3(0)637
_2rubbk
700 1 _9z01790
_aJagodovskij
_bL. S.
_gLeonid Sergeevič
790 1 _9z01700
_aYagodovski
_bL.
_4070
801 1 _aRU
_bNLR
_c20121120
801 0 _aRU
_bINFOCOMM
_gPSBO
852 _aNLR
_jИ25 Д-2/128
942 _cBOOK
980 _aNB